| 000 | 00816nam a2200205 a 4500 | ||
|---|---|---|---|
| 008 | 120416s1995 ||||||||||||||||| || u | ||
| 020 | _a0821329944 | ||
| 050 | _aIBRD(08) | ||
| 100 | _aScribner, Susan | ||
| 245 | 1 | 0 | _aPolicies effecting fertility and contraceptive use: an assessment of twelve Sub-Saharan countries |
| 260 |
_aWashington, D. C.: _bWorld Bank _c1995 |
||
| 300 | _axiii, 82p. : ill. | ||
| 350 | _a0.00 | ||
| 490 | _aWorld Bank Discussion Papers | ||
| 650 | _aFAMILY POLICY--AFRICA, SUB-SAHARAN | ||
| 650 | _aAFRICA, SUB-SAHARAN--POPULATION POLICY | ||
| 650 | _aCONTRACEPTION | ||
| 650 | _aBIRTH CONTROL--GOVERNMENT POLICY--AFRICA, SUB-SAHARAN | ||
| 995 |
_D0.00 _FCBU-MAIN LIBRARY (Kitwe) _H1 _I0.00 _M1 _UAVAILABLE _ZInternational Publications |
||
| 999 |
_c53832 _d53832 |
||